| 000 -LEADER |
| fixed length control field |
00823nam a2200217Ia 4500 |
| 001 - CONTROL NUMBER |
| control field |
2159 |
| 003 - CONTROL NUMBER IDENTIFIER |
| control field |
GE_BSU |
| 005 - DATE AND TIME OF LATEST TRANSACTION |
| control field |
20221021124627.0 |
| 008 - FIXED-LENGTH DATA ELEMENTS--GENERAL INFORMATION |
| fixed length control field |
181216s1991ru xx |||||||||||||| ||rus|| |
| 020 ## - INTERNATIONAL STANDARD BOOK NUMBER |
| International Standard Book Number |
5060018474 |
| 040 ## - CATALOGING SOURCE |
| Transcribing agency |
GE_BSU |
| 041 ## - LANGUAGE CODE |
| Language code of text/sound track or separate title |
rus |
| 080 ## - UNIVERSAL DECIMAL CLASSIFICATION NUMBER |
| Universal Decimal Classification number |
82-95.09(1-87)"17 И-90 |
| 245 ## - TITLE STATEMENT |
| Title |
История зарубежной литературы. |
| Remainder of title |
Для студ. филол. фак.вузов / |
| Statement of responsibility, etc. |
Под ред.З.И.Плавскина |
| 264 ## - PRODUCTION, PUBLICATION, DISTRIBUTION, MANUFACTURE, AND COPYRIGHT NOTICE |
| Place of production, publication, distribution, manufacture |
Москва : |
| Name of producer, publisher, distributor, manufacturer |
Высшая школа, |
| Date of production, publication, distribution, manufacture, or copyright notice |
1991. |
| 300 ## - PHYSICAL DESCRIPTION |
| Extent |
335 стр.: |
| Other physical details |
19 см. |
| 653 ## - INDEX TERM--UNCONTROLLED |
| keyword |
История зарубежной литературы. |
| 653 ## - INDEX TERM--UNCONTROLLED |
| keyword |
უცხოური ლიტერატურის ისტორია |
| 700 ## - ADDED ENTRY--PERSONAL NAME |
| Personal name |
Плавскина, .З.И. |
| Relator term |
რედაქტორი |
| 9 (RLIN) |
15445 |
| 942 ## - ADDED ENTRY ELEMENTS (KOHA) |
| Koha item type |
წიგნი |
| Source of classification or shelving scheme |
|